| 000 | 00553nam a2200193 a 4500 | ||
|---|---|---|---|
| 001 | 3826 | ||
| 005 | 20140414131926.0 | ||
| 008 | 061020s19uu xx 00 eng d | ||
| 020 | _a0-72141588-1 | ||
| 050 |
_aER _bW61 1993 |
||
| 100 | _aHunia, Fran | ||
| 245 |
_aThe wizard of Oz / _cadapted by Fran Hunia ; illustrated by Brian Price Thomas. |
||
| 260 |
_aLeicesterashire, UK : _bLadybird Books, _c1993. |
||
| 300 | _ap. ; cm. | ||
| 440 | _aRead it yourself | ||
| 650 |
_aAdventures _xfiction. |
||
| 650 | _aChildren stories. | ||
| 999 |
_c111990 _d111990 |
||